| 000 | 00432nam a22001697a 4500 | ||
|---|---|---|---|
| 003 | SGT | ||
| 020 | _a9789392787508 | ||
| 082 |
_a611 _bA22A |
||
| 100 | _aANEJA, PRACHI S. | ||
| 245 | _aANATOMY TEACHING DIARY FOR UG STUDENTS | ||
| 250 | _a1ST | ||
| 260 |
_aINDIA _bSSB PUB. _c2022 |
||
| 300 | _a94 | ||
| 650 | _aHUMAN ANATOMY | ||
| 653 | _aANATOMY TEACHING DIARY FOR UG STUDENTS , SGTU FACULTY PUBLICATION | ||
| 942 |
_2ddc _cBK |
||
| 999 |
_c24475 _d24475 |
||